| 000 | 00755nam a2200229 a 4500 | ||
|---|---|---|---|
| 001 | 49192 | ||
| 003 | BD-RjUL | ||
| 005 | 20211209054640.0 | ||
| 008 | 160818s1981 bg ||||| |||| 00| d ben d | ||
| 020 | _c: Tk. 8.00 | ||
| 035 | _a(BD-RjUL) 49311 | ||
| 040 |
_aBD-RjUL _bben _cBD-RjUL |
||
| 041 | _aben | ||
| 082 |
_223 _a891.442 _bDIJ 1981 |
||
| 100 | 1 |
_aদীন, সেলিম আল _9145275 |
|
| 245 | 1 | 0 |
_aজণ্ডিস ও বিবিধ বেলুন / _cসেলিম আল দীন |
| 260 |
_aঢাকা : _bবাংলা একাডেমী, _c১৯৮১ |
||
| 300 |
_a৬৩ পৃ. ; _c২১ সেমি. |
||
| 650 |
_aবাংলা নাটক _9147865 |
||
| 650 |
_aBengali Drama _9147866 |
||
| 942 |
_2ddc _cBK |
||
| 999 |
_c49192 _d49192 |
||